| 000 | 00378nam a22001217a 4500 | ||
|---|---|---|---|
| 082 | _a220 PRO | ||
| 100 |
_aARSLAN,WAQAS,NOUMAN _972425 |
||
| 245 | _aPR-SOF-1086-IN DEPTH STUDY OF PROE CAM MODULE AND IMPLEMENTATION OF CIM CONCEPTS | ||
| 260 |
_aISLAMABAD _bNUST COLLEGE OF EME _c2011 |
||
| 650 |
_aDE-MTS-29 _972426 |
||
| 700 |
_aSUPERVISOR, DR KUNAWAR FARAZ _972427 |
||
| 942 | _cCR | ||
| 999 |
_c578460 _d578460 |
||